000 00395nam a2200145Ia 4500
008 230917s9999||||xx |||||||||||||| ||und||
040 _e60404
_aMAIN
041 _aEnglish
082 _a370 S23C
100 _aSharma, A P
245 0 _aContemporary problems of education: with special reference to India
260 _aNew Delhi
_bVani Educational Books
_c1984
300 _a262 p.
942 _cBK
999 _c42380
_d42380